000
00224nam a2200085Ia 4500
245
0
_a
Absolutely Maybe
100
_a
Yee, Lisa New York, 2009 1st ed
_9
79476
942
_c
BK
008
210817s9999 xx 000 0 und d
999
_c
277216
_d
277215